Online
Catalog

Diario de Bucaramanga : (Record no. 22210)

MARC details
000 -CABECERA
campo de control de longitud fija 00832nam a2200217 a 4500
001 - NÚMERO DE CONTROL
campo de control 000022713
005 - FECHA Y HORA DE LA ÚLTIMA TRANSACCIÓN
campo de control 20200930021744.0
008 - DATOS DE LONGITUD FIJA--INFORMACIÓN GENERAL
campo de control de longitud fija 101116s1973 ve r 000 | spa d
040 ## - FUENTE DE LA CATALOGACIÓN
Centro catalogador/agencia de origen DO-SdBNP
Lengua de catalogación spa
Centro/agencia transcriptor BNPHU
082 ## - NÚMERO DE LA CLASIFICACIÓN DECIMAL DEWEY
Número de clasificación 923.187
Número de documento/Ítem B638P
049 ## - FONDOS LOCALES (OCLC)
Fondos de biblioteca BNGR
100 1# - ENTRADA PRINCIPAL--NOMBRE DE PERSONA
Nombre de persona Peru de Lacroix, Luis
9 (RLIN) 46681
245 10 - MENCIÓN DE TÍTULO
Título Diario de Bucaramanga :
Resto del título vida pública y privada del libertador /
Mención de responsabilidad, etc. L. Per de Lacroix.
260 ## - PUBLICACIÓN, DISTRIBUCIÓN, ETC.
Lugar de publicación, distribución, etc. Caracas :
Nombre del editor, distribuidor, etc. Centauro,
Fecha de publicación, distribución, etc. 1973.
300 ## - DESCRIPCIÓN FÍSICA
Extensión 245 p. ;
Dimensiones 16 cm.
500 ## - NOTA GENERAL
Nota general Versión sin mutilaciones
500 ## - NOTA GENERAL
Nota general Incluye referencias bibliográficas y notas al pie de las páginas.
600 14 - PUNTO DE ACCESO ADICIONAL DE MATERIA--NOMBRE DE PERSONA
Nombre de persona BOLIVAR, SIMÓN,
Fechas asociadas al nombre 1783-1830
Información miscelánea SIMÓN JOSÉ ANTONIO DE LA SANTÍSIMA TRINIDAD BOLÍVAR Y PALACIOS
9 (RLIN) 46682
651 #4 - PUNTO DE ACCESO ADICIONAL DE MATERIA--NOMBRE GEOGRÁFICO
Nombre geográfico Colombia
Subdivisión general Historia
Subdivisión cronológica 1822-1832
9 (RLIN) 46683
651 #4 - PUNTO DE ACCESO ADICIONAL DE MATERIA--NOMBRE GEOGRÁFICO
Nombre geográfico Bucaramanga (Colombia{Rpara}
Subdivisión general Historia
9 (RLIN) 46684
Holdings
Estado de retiro Estado de pérdida Restricciones de uso No para préstamo Código de colección Localización permanente Ubicación/localización actual Ubicación en estantería Fecha de adquisición Número de inventario Total de préstamos Signatura topográfica completa Código de barras Fecha visto por última vez Precio válido a partir de Tipo de ítem Koha
      Excluido de préstamo Monografías: Libros y Folletos General General En catalogación 16.11.2010 LF1   923.187 B638P 22713-10 25.06.2020 25.06.2020 No se presta

Powered by Koha